Toutes les équipes de Ligue 1 depuis 2000 - Statistiques

Statistiques générales
  • Ce quiz a été pris 342 fois
  • Le résultat moyen est 32 sur 41
Statistiques - réponses
Club % Correct
Paris SG
99%
Olympique de Marseille
98%
Olympique Lyonnais
98%
Lille OSC
97%
Stade Rennais FC
95%
AS Saint-Etienne
94%
RC Lens
94%
Girondins de Bordeaux
93%
OGC Nice
93%
FC Nantes
91%
RC Strasbourg
91%
Toulouse FC
91%
AJ Auxerre
89%
Montpellier HSC
89%
AS Monaco
88%
Stade Brestois 29
88%
FC Metz
84%
Angers SCO
81%
Le Havre AC
81%
Gazelec Ajaccio
80%
AC Ajaccio
79%
SM Caen
79%
FC Lorient
78%
SC Bastia
78%
Clermont Foot 63
76%
FC Sochaux
76%
Stade de Reims
76%
Nîmes Olympique
75%
Amiens SC
74%
Grenoble Foot 38
72%
Dijon FCO
71%
AS Nancy-Lorraine
70%
ES Troyes
66%
Evian Thonon-Gaillard FC
66%
Valenciennes FC
66%
Le Mans UC
60%
AC Arles-Avignon
56%
CS Sedan
56%
EA Guingamp
47%
Istres FC
43%
US Boulogne
42%
Aucun quiz correspondant
Distribution des résultats
% des personnes avec chaque résultat
Percentile par nombre de réponses
Votre historique - résultats
Vous n’avez pas pris ce quiz